The sicilian vespers : a history of the Mediterranean world in the later thirteenth century
Αποθηκεύτηκε σε:
| Κύριος συγγραφέας: | |
|---|---|
| Μορφή: | Βιβλίο |
| Γλώσσα: | English |
| Δημοσίευση: |
London :
Cambridge University Press,
1982
|
| Θέματα: | |
| Ετικέτες: |
Προσθήκη ετικέτας
Δεν υπάρχουν, Καταχωρήστε ετικέτα πρώτοι!
|
MARC
| LEADER | 00000cam a2200000 i 4500 | ||
|---|---|---|---|
| 001 | 1/41954 | ||
| 008 | 961029s1982 eng d | ||
| 020 | |a 0-521-28652-2 | ||
| 035 | |l 10025503 | ||
| 040 | |a GR-MY-UA |b gre |e aacr | ||
| 041 | 0 | |a eng | |
| 082 | 0 | |a 940.17 | |
| 100 | 1 | |a Runciman, Steven, |d 1903-2000. | |
| 245 | 1 | 4 | |a The sicilian vespers : |b a history of the Mediterranean world in the later thirteenth century / |c Steven Runciman |
| 260 | |a London : |b Cambridge University Press, |c 1982 | ||
| 300 | |a 356 p. | ||
| 500 | |a Incluxes notes, bibliographies, index | ||
| 651 | 0 | |a Mediterranean Region |x History. | |
| 852 | |a INST |b CHIOS |e 19961029 |h 940.17 RUN |p 005200011158 |q 005200011158 |t BK |y 0 | ||
| 909 | |a Χ |b 047675 | ||